000 00377nam a2200133Ia 4500
008 230411s9999 xx 000 0 und d
041 _aeng
082 _aS/617.9178/KAP/B00048
100 _aKapur M
_9176340
245 _aManual of Surgical Instruments and Procedures.
260 _bB I Churchill Living Stone
_aNew Delhi
_c1998
300 _a254p
999 _c151572
_d151572